|
|
|
|
| LEADER |
00762nab#a2200313#ar4500 |
| 001 |
000000637 |
| 003 |
SVKKK |
| 005 |
00000000000000.0 |
| 008 |
c xo e ukro |
| FMT |
|
|
|
| 038 |
|
|
|a SVKKK
|
| 040 |
|
|
|a SVKKK
|b slo
|e AACR2
|
| 041 |
0 |
|
|a ukr
|
| 044 |
|
|
|a xo
|c SK
|
| 080 |
|
|
|a 553.7.031.1(Cigeľka
|2 1981
|
| 100 |
1 |
|
|a Kraťuk, R.
|4 aut
|
| 242 |
1 |
0 |
|a Žriedlo života...
|
| 245 |
1 |
0 |
|a Sim Džerel žytťa...
|c Kraťuk R.,
|
| 300 |
|
|
|b Obr. 6
|
| 650 |
0 |
4 |
|a pramene minerálne
|x využívanie
|z Cigeľka (BJ)
|x informácie
|
| 773 |
0 |
|
|t Družno vpered
|g Roč. 20, č. 10(1970), s. 4-6
|
| 957 |
|
|
|a Cigeľka
|
| 958 |
|
|
|a NA
|
| 958 |
|
|
|a RE
|
| 974 |
|
|
|d 960311
|a Čr
|
| 992 |
|
|
|a RBX
|
| BAS |
|
|
|
| 852 |
|
|
|a SVKKK
|b BIB
|
| 998 |
|
|
|a GEO
|